[Event "Vojvodina Quality League m"]
[Site "Sremska Mitrovica SRB"]
[Date "2006.09.25"]
[Round "5"]
[White "Orlov,K"]
[Black "Varga,Dam"]
[Result "1-0"]
[WhiteElo "2240"]
[BlackElo "2129"]

1.Nf3 Nf6 2.c4 g6 3.d4 Bg7 4.Nc3 d6 5.e4 O-O 6.Be2 e5 7.d5 h6 8.O-O Ne8 9.Ne1 f5
10.Nd3 c5 11.dxc6 bxc6 12.f3 Be6 13.b3 Kh7 14.Bb2 Nd7 15.Qd2 h5 16.Rad1 Bh6
17.Qe1 Be3+ 18.Kh1 f4 19.Na4 Qf6 20.c5 dxc5 21.Qa5 g5 22.Naxc5 Nxc5 23.Nxc5 Bxc5
24.Qxc5 Rg8 25.Qxe5 Qg6 26.Rc1 Rc8 27.Rc5 Kh6 28.Rfc1 Bd7 29.Rd1 Be6 30.Ba6 Rc7
31.Bf1 Rgg7 32.h4 Rg8 33.hxg5+ Kh7 34.Qxf4  1-0

[Event "Vojvodina Quality League m"]
[Site "Sremska Mitrovica SRB"]
[Date "2006.09.25"]
[Round "6"]
[White "Jovic,Ste"]
[Black "Grujic,Z"]
[Result "0-1"]
[WhiteElo "2159"]
[BlackElo "2338"]

1.d4 Nf6 2.c4 g6 3.Nc3 Bg7 4.e4 d6 5.Be2 O-O 6.Nf3 e5 7.O-O Na6 8.Re1 Qe8
9.d5 Nc5 10.Bf1 a5 11.Rb1 Nh5 12.Be3 b6 13.Nd2 f5 14.f3 f4 15.Bf2 g5 16.b3 Nf6
17.a3 Bd7 18.b4 axb4 19.axb4 Na4 20.Qc2 Nxc3 21.Qxc3 g4 22.Be2 Qg6 23.fxg4 Bxg4
24.Bxg4 Nxg4 25.Ra1 Kh8 26.Rxa8 Rxa8 27.c5 bxc5 28.bxc5 Bf6 29.Re2 Nxh2 30.cxd6 cxd6
31.Nf3 Rg8 32.Bb6 Qh5 33.Rf2 Ng4 34.Rf1 Qg6 35.Qc2 Bd8 36.Ba7 Qh6 37.Rb1 Qg7
38.Bf2 Nh2 39.Ne1 Nf3+ 40.Kf1 Nxe1 41.Bxe1 f3 42.Rb2 Qg4 43.g3 Qh3+ 44.Kg1 Ba5  0-1

[Event "15th TCh-CRO"]
[Site "Sibenik CRO"]
[Date "2006.09.26"]
[Round "5"]
[White "Jovanic,O"]
[Black "Saric,Iv"]
[Result "0-1"]
[WhiteElo "2464"]
[BlackElo "2394"]

1.d4 Nf6 2.c4 g6 3.Nc3 Bg7 4.e4 d6 5.Nf3 O-O 6.Be2 e5 7.Be3 Na6 8.O-O Ng4
9.Bg5 Qe8 10.dxe5 dxe5 11.h3 f6 12.Bd2 Nh6 13.c5 c6 14.Bxa6 bxa6 15.Qa4 Rb8
16.b3 Nf7 17.Rfe1 f5 18.exf5 gxf5 19.Rac1 Rb7 20.Qh4 Qd8 21.Qxd8 Rxd8 22.Na4 e4
23.Ba5 Rd5 24.Nd2 Ne5 25.Nc4 Nd3 26.Nd6 Nxe1 27.Rxe1 Rb8 28.Bc7 Ra8 29.f3 Bd4+
30.Kh1 Bf2 31.Re2 Bg3 32.Nb2 Rxc5 33.Nbc4 Rd5 34.Ne3 Rxd6 35.Bxd6 Bxd6 36.fxe4 f4
37.Nc4 Bc7 38.Rc2 Bb7  0-1

[Event "XVI Gros Open"]
[Site "San Sebastian ESP"]
[Date "2006.09.27"]
[Round "7"]
[White "Garcia Nestar,D"]
[Black "Hernandez Lopez,D"]
[Result "0-1"]
[WhiteElo "1470"]
[BlackElo "2002"]

1.d4 Nf6 2.c4 g6 3.Nc3 Bg7 4.e4 d6 5.Nf3 O-O 6.Be2 e5 7.d5 a5 8.O-O Na6 9.h3 Nc5
10.Qc2 Nh5 11.Be3 b6 12.a3 Nf4 13.b4 axb4 14.axb4 Rxa1 15.Rxa1 Na6 16.Na2 Nxe2+
17.Qxe2 f5 18.Bd2 f4 19.Ne1 Qh4 20.f3 h5 21.Qf2 Qe7 22.Nc2 g5 23.g4 fxg3
24.Qxg3 Bh6 25.Rf1 Rf7 26.Rf2 Kh7 27.Rg2 h4 28.Qf2 Bxh3 29.Rh2 g4 30.Qe2 Rxf3
31.Ne3 Bxe3+  0-1

[Event "Vojvodina Quality League m"]
[Site "Sremska Mitrovica SRB"]
[Date "2006.09.27"]
[Round "8"]
[White "Sente,D"]
[Black "Bulajic,R"]
[Result "0-1"]
[WhiteElo "2032"]
[BlackElo "2286"]

1.d4 Nf6 2.c4 g6 3.Nc3 Bg7 4.e4 d6 5.Nf3 O-O 6.Be2 e5 7.O-O Nbd7 8.d5 h6
9.b4 a5 10.Ba3 Ne8 11.bxa5 Rxa5 12.Bb4 Ra8 13.Nd2 f5 14.Nb3 Ndf6 15.c5 Nxe4
16.Nxe4 fxe4 17.cxd6 cxd6 18.Nd2 Qb6 19.Qb3 Rxf2 20.Rxf2 e3 21.Rff1 exd2+
22.Kh1 e4 23.Bc3 Qxb3 24.axb3 Rxa1 25.Bxa1 e3 26.Bxg7 Kxg7 27.Rf4 Nf6 28.Rd4 Bf5
29.Kg1 Bc2 30.Bf3 Ne4 31.Rc4 Bd3 32.Rd4 e2  0-1

[Event "Vojvodina Quality League m"]
[Site "Sremska Mitrovica SRB"]
[Date "2006.09.27"]
[Round "8"]
[White "Petrekanovic,M"]
[Black "Grujic,Z"]
[Result "1/2-1/2"]
[WhiteElo "2105"]
[BlackElo "2338"]

1.d4 Nf6 2.Nf3 g6 3.c4 Bg7 4.Nc3 O-O 5.e4 d6 6.Be2 e5 7.O-O Na6 8.Re1 Qe8
9.Bf1 Bg4 10.d5 Nb4 11.Be2 a5 12.Be3 Na6 13.a3 b6 14.b3 Bd7 15.Nd2 Nc5 16.b4 Na4
17.Qc2 Nxc3 18.Qxc3 Qe7 19.c5 axb4 20.axb4 bxc5 21.bxc5 Rfb8 22.cxd6 cxd6
23.Rxa8 Rxa8 24.f3 Nh5 25.Rb1 Rc8 26.Qa3 Be8  1/2-1/2

[Event "Tatry Open"]
[Site "Tatranske Zruby SVK"]
[Date "2006.09.28"]
[Round "7"]
[White "Skreno,V"]
[Black "Cvikl,M"]
[Result "1/2-1/2"]
[WhiteElo "2189"]
[BlackElo "2052"]

1.d4 Nf6 2.Nf3 g6 3.c4 Bg7 4.Nc3 O-O 5.e4 d6 6.Be2 e5 7.O-O exd4 8.Nxd4 Re8
9.Bg5 h6 10.Bxf6 Qxf6 11.Ndb5 Qd8 12.Bf3 Na6 13.Rc1 Nc5 14.Nd4 a5 15.Qd2 Bd7
16.b3 Kh7 17.Rcd1 Qc8 18.Rfe1 Bg4 19.Bxg4 Qxg4 20.f3 Qh4 21.Qf2 Qxf2+ 22.Kxf2 Ne6
23.Nxe6 fxe6 24.Nb5 Re7 25.Re2 b6 26.Nd4 Bxd4+ 27.Rxd4 e5 28.Rd5 Rf8 29.a3 Rf6
30.Red2 g5 31.h3 h5 32.b4 axb4 33.axb4 Rg7 34.c5 bxc5 35.bxc5 Rgg6 36.Ra2 g4
37.hxg4 hxg4 38.Ra7 Rg7 39.Ra6 gxf3 40.gxf3 Rgf7 41.Ra3 Rg6 42.Rad3 Rff6
43.Ra3 Rf7 44.Rdd3 Kg7 45.Ra8 Rd7 46.Re8 Kf6 47.Rd5 Rgg7 48.Ke3 Rge7 49.Ra8 c6
50.Rxd6+ Rxd6 51.cxd6 Rd7 52.f4 Ke6 53.Re8+ Kxd6 54.Rxe5 Ra7 55.Kd4 Ra4+
56.Kc3 c5 57.Kd3 Ra3+ 58.Kc2 Ra4 59.Kd3 Ra3+ 60.Kc2 Ra4 61.Kb3 Rd4 62.Kc2 Ra4
63.Kb3 Ra5 64.Kc2 Ra4 65.Kd1 Rd4+ 66.Ke2 c4 67.Ke3 Rd3+ 68.Ke2 Rd4 69.Rd5+ Rxd5
70.exd5 Kxd5  1/2-1/2

[Event "Monarch Assurance Isle of Man"]
[Site "Port Erin IOM"]
[Date "2006.09.29"]
[Round "7"]
[White "Cafolla,P"]
[Black "Werner,Ge"]
[Result "1-0"]
[WhiteElo "2062"]
[BlackElo "2069"]

1.d4 Nf6 2.c4 g6 3.Nc3 Bg7 4.e4 d6 5.Be2 O-O 6.Nf3 e5 7.d5 Na6 8.Bg5 h6 9.Bh4 g5
10.Bg3 Nxe4 11.Nxe4 f5 12.Nc3 f4 13.Nd2 Bf5 14.Nde4 Nc5 15.Nxc5 dxc5 16.f3 fxg3
17.hxg3 e4 18.fxe4 Bg6 19.Qd3 Qe7 20.O-O-O Rad8 21.Bf3 Qe5 22.Bg4 a6 23.Be6+ Kh7
24.Rd2 Rf6 25.Bf5 Rb6 26.g4 Rb4 27.Rf2 b5 28.cxb5 axb5 29.Qf3 Bxf5 30.Qxf5+ Qxf5
31.Rxf5 Bxc3 32.bxc3 Rxe4 33.Rf7+ Kg8 34.Rxc7 Rxd5 35.Rxh6 Re1+ 36.Kb2 Re2+
37.Ka3 Re8 38.Ra7 Rde5 39.Rb6 b4+ 40.cxb4 cxb4+ 41.Rxb4 Re3+ 42.Ka4 R3e4
43.a3 R4e5 44.Rc4 Re4 45.Rc7 Ra8+ 46.Kb4 Rb8+ 47.Kc5 Rxc4+ 48.Kxc4 Ra8 49.Kb3 Rb8+
50.Ka2 Rb5 51.Rc4 Kf7 52.a4 Ra5 53.Kb3 Ke6 54.Kb4 Re5 55.a5 Kd6 56.a6 Re2
57.Kb5 Rb2+ 58.Rb4 Rc2 59.a7  1-0

[Event "14th Open Valle d'Aosta"]
[Site "Saint Vincent ITA"]
[Date "2006.09.30"]
[Round "1"]
[White "Naumkin,I"]
[Black "Calzolari,G"]
[Result "1-0"]
[WhiteElo "2435"]
[BlackElo "1890"]

1.d4 Nf6 2.c4 g6 3.Nc3 Bg7 4.e4 d6 5.Nf3 O-O 6.Be2 e5 7.d5 Nbd7 8.Bg5 h6
9.Bh4 g5 10.Bg3 Nh5 11.h4 Nxg3 12.fxg3 g4 13.Nh2 h5 14.O-O Bh6 15.Bd3 Nc5
16.Bc2 a5 17.Qe2 Bd7 18.Rf2 Rb8 19.Kh1 Kg7 20.Raf1 Bf4 21.Rxf4 exf4 22.Rxf4 Qe7
23.Qf2 Rbe8 24.Nf1 Qe5 25.Kh2 a4 26.a3 b6 27.Ne3 f5 28.Nxf5+ Bxf5 29.exf5 Qe3
30.f6+ Kh8 31.Qxe3 Rxe3 32.Bg6 Re5 33.Kg1 Kg8 34.Kf2 Kh8 35.Bc2 Ra8 36.Nb5 Rf8
37.Nxc7 Nd7 38.Bxa4 Nxf6 39.Bc2 Nd7 40.Nb5 Rf6 41.Rxf6 Nxf6 42.Nxd6 Kg7 43.a4 Kf8
44.b4 Nd7 45.Ne4 b5 46.axb5 Nb6 47.Ke3 Nxc4+ 48.Kd4 Rxe4+ 49.Bxe4 Nd6 50.b6 Ke7
51.Bg6  1-0

[Event "15th TCh-CRO"]
[Site "Sibenik CRO"]
[Date "2006.10.01"]
[Round "10"]
[White "Muse,M"]
[Black "Bosiocic,Mari"]
[Result "1/2-1/2"]
[WhiteElo "2443"]
[BlackElo "2433"]

1.Nf3 Nf6 2.c4 g6 3.Nc3 Bg7 4.e4 d6 5.d4 O-O 6.Be2 e5 7.O-O Na6 8.Re1 c6
9.Bf1 Bg4 10.d5 cxd5 11.cxd5 Ne8 12.h3 Bd7 13.Nd2 Rb8  1/2-1/2

[Event "7th Veselin Boskovic Mem Op"]
[Site "Beograd SRB"]
[Date "2006.10.02"]
[Round "1"]
[White "Miladinovic,I"]
[Black "Vujasic,T"]
[Result "1-0"]
[WhiteElo "2598"]
[BlackElo "2132"]

1.d4 Nf6 2.c4 g6 3.Nc3 Bg7 4.e4 d6 5.Nf3 O-O 6.Be2 e5 7.O-O Nbd7 8.d5 a5
9.Be3 Ng4 10.Bg5 f6 11.Bd2 f5 12.Ng5 Nc5 13.exf5 gxf5 14.Bxg4 fxg4 15.Nge4 Nxe4
16.Nxe4 Bf5 17.Qe2 Qe8 18.Ng3 Bd7 19.Rae1 b6 20.Qd3 h5 21.Bg5 Bf6 22.f4 gxf3
23.Bxf6 Rxf6 24.Rxf3 Rxf3 25.Qxf3 Bg4 26.Qe4 Qf7 27.h3 Bd7 28.Rf1  1-0

[Event "15th TCh-CRO"]
[Site "Sibenik CRO"]
[Date "2006.10.02"]
[Round "11"]
[White "Saric,A"]
[Black "Muse,M"]
[Result "1/2-1/2"]
[WhiteElo "2475"]
[BlackElo "2443"]

1.d4 Nf6 2.c4 g6 3.Nc3 Bg7 4.e4 d6 5.Nf3 O-O 6.Be2 e5 7.O-O Na6 8.Re1 Qe8
9.Bg5 exd4 10.Qxd4 Ng4 11.Qd2 Nc5 12.Bd3 h6 13.Bh4 Ne5 14.Be2 Ne6 15.Rad1 b6
16.Nd5 g5 17.Bg3 Qd8 18.Ne3 Bb7 19.Nf5 Qf6 20.Nxg7 Kxg7 21.Nxe5 dxe5 22.Qc3  1/2-1/2

[Event "7th Veselin Boskovic Mem Op"]
[Site "Beograd SRB"]
[Date "2006.10.04"]
[Round "3"]
[White "Arsovic,Z"]
[Black "Popovic,Al"]
[Result "1-0"]
[WhiteElo "2449"]
[BlackElo "2045"]

1.Nf3 Nf6 2.c4 g6 3.Nc3 Bg7 4.e4 d6 5.d4 O-O 6.Be2 e5 7.Be3 Nc6 8.d5 Ne7
9.h4 Nh5 10.Ng1 Nf4 11.Bf3 f5 12.h5 fxe4 13.Nxe4 Nf5 14.hxg6 Nxg6 15.Bg5 Qe8
16.Bg4 Nf4 17.g3 h6 18.gxf4 exf4 19.Qd3 hxg5 20.O-O-O b5 21.cxb5 a6 22.b6 cxb6
23.Nf3 Qb5 24.Qxb5 axb5 25.Kb1 Ra4 26.Nexg5 b4 27.Ne6 Bxe6 28.dxe6 b3 29.axb3 Ra5
30.Rh5 Ne7  1-0

[Event "14th Open Valle d'Aosta"]
[Site "Saint Vincent ITA"]
[Date "2006.10.06"]
[Round "7"]
[White "Naumkin,I"]
[Black "Pepino,E"]
[Result "1-0"]
[WhiteElo "2435"]
[BlackElo "2187"]

1.d4 Nf6 2.c4 g6 3.Nc3 Bg7 4.e4 d6 5.Nf3 O-O 6.Be2 e5 7.d5 Na6 8.Bg5 h6 9.Bh4 g5
10.Bg3 Nc5 11.Nd2 a5 12.O-O c6 13.Rc1 Bd7 14.Qc2 Qb8 15.b3 Rc8 16.a3 cxd5
17.exd5 Ne8 18.f3 f5 19.Bf2 Nf6 20.Rfe1 Qc7 21.Kh1 h5 22.Be3 Nh7 23.Ra1 Qd8
24.b4 axb4 25.axb4 Na6 26.Qb3 Qf6 27.Rac1 g4 28.c5 Kh8 29.c6 bxc6 30.dxc6 Rxc6
31.b5 Nc5 32.Qd5 Rcc8 33.Bxc5 dxc5 34.Qxd7 Rd8 35.Qc6 Qxc6 36.bxc6 Rxd2 37.c7 Rc8
38.Nb5 Bf8 39.fxg4 hxg4 40.Bc4 Ng5 41.Rxe5 Kg7 42.Rxf5 Kg6 43.Rd5 Rxd5 44.Bxd5  1-0

[Event "ECU Club Cup"]
[Site "Feugen AUT"]
[Date "2006.10.08"]
[Round "1"]
[White "Popov,Val"]
[Black "Johannesson,I"]
[Result "1-0"]
[WhiteElo "2578"]
[BlackElo "2289"]

1.Nf3 g6 2.e4 Bg7 3.d4 d6 4.c4 Nf6 5.Nc3 O-O 6.Be2 e5 7.Be3 Na6 8.d5 Ng4
9.Bg5 f6 10.Bh4 Nh6 11.Nd2 Qd7 12.Rb1 c5 13.a3 f5 14.Bd3 Nf7 15.f3 g5 16.Bf2 f4
17.Bc2 h5 18.h3 Qe7 19.b4 g4 20.hxg4 hxg4 21.fxg4 Qg5 22.Rh4 Qg6 23.Nf3 Bf6
24.Rh2 Bxg4 25.bxc5 Nxc5 26.Bxc5 dxc5 27.Rxb7 Nd6 28.Rbh7 Nxc4 29.d6 Qxh7
30.Rxh7 Ne3 31.Qe2 Kxh7 32.Nd5 Bxf3 33.gxf3 Bh4+ 34.Kd2 Rg8 35.Nxe3 fxe3+
36.Kc3 Bf2 37.f4 Rg2 38.fxe5 Rag8 39.e6 Bg3 40.Qh5+ Kg7  1-0

[Event "ECU Club Cup"]
[Site "Feugen AUT"]
[Date "2006.10.08"]
[Round "1"]
[White "Volkov,S1"]
[Black "Bjornsson,Si"]
[Result "1-0"]
[WhiteElo "2628"]
[BlackElo "2342"]

1.d4 Nf6 2.c4 g6 3.Nc3 Bg7 4.e4 d6 5.Be2 O-O 6.Nf3 e5 7.Be3 exd4 8.Nxd4 Re8
9.f3 c6 10.Bf2 Nbd7 11.O-O Nh5 12.Re1 Nf4 13.Bf1 Ne5 14.Qd2 g5 15.Be3 Neg6
16.Nf5 Be5 17.g3 Ne6 18.Rad1 Qc7 19.Kh1 Bf6 20.Nxd6 Rd8 21.c5 b6 22.cxb6 axb6
23.f4 gxf4 24.gxf4 Bh4 25.Re2 Ba6 26.e5 Bxe2 27.Bxe2 Ng7 28.Qc2 Ne8 29.Qb3 Nxd6
30.Bxb6 Qe7 31.Bxd8 Rxd8 32.exd6 Qe3 33.Qc4 Nxf4 34.Rg1+ Kf8 35.Rf1 Bg5 36.Bh5 Rd7
37.Bf3 Rxd6 38.Ne4 Rg6 39.Nxg5 Rxg5 40.Bxc6 Rg4 41.Qe4 Qb6 42.Qe8+ Kg7 43.Qe5+ Kg8
44.Bf3 Rh4 45.Bd5 Nxd5 46.Qe8+ Kg7 47.Rxf7+ Kh6 48.Qf8+ Kh5 49.Rxh7+  1-0

[Event "56th TCh-BUL w"]
[Site "Sunny Beach BUL"]
[Date "2006.10.08"]
[Round "4"]
[White "Raeva,E"]
[Black "Bednikova,S"]
[Result "0-1"]
[WhiteElo "2217"]
[BlackElo "2052"]

1.d4 g6 2.c4 Bg7 3.Nf3 d6 4.e4 Nf6 5.Nc3 O-O 6.Be2 e5 7.Bg5 Nbd7 8.Qd2 c6
9.O-O Qc7 10.Rad1 Re8 11.d5 c5 12.Ne1 Nf8 13.a3 a5 14.Nd3 N6d7 15.Nb5 Qb8
16.b4 axb4 17.axb4 f5 18.exf5 gxf5 19.Bh5 Ng6 20.Rfe1 b6 21.Rb1 Ba6 22.bxc5 Bxb5
23.Rxb5 dxc5 24.Bh6 Qd6 25.Bxg7 Kxg7 26.f4 e4 27.Qb2+ Qf6 28.Qxf6+ Kxf6 29.Nb2 Ra3
30.g4 Rea8 31.Rf1 Ra1 32.gxf5 Rxf1+ 33.Kxf1 Kxf5 34.h3 Kxf4 35.Bg4 Nge5 36.Be6 Ra3
37.Nd1 Kf3 38.Rb2 e3 39.d6 Nf6 40.Re2 Rd3 41.Nxe3 Ne4 42.Ke1 Rxe3 43.Bg4+ Kf4
44.Rxe3 Kxe3 45.d7 Nc6  0-1

[Event "56th TCh-BUL"]
[Site "Sunny Beach BUL"]
[Date "2006.10.08"]
[Round "4"]
[White "Tsvetkov,I"]
[Black "Radulov,I"]
[Result "1/2-1/2"]
[WhiteElo "2341"]
[BlackElo "2327"]

1.c4 d6 2.Nc3 g6 3.d4 Bg7 4.e4 Nd7 5.Nf3 e5 6.Be2 Ngf6 7.O-O O-O 8.Qc2 exd4
9.Nxd4 Nc5 10.Rd1 Ng4 11.f3 Ne5 12.Be3 Ne6 13.Qd2 Bd7 14.Nxe6 fxe6 15.f4 Nf7
16.c5 Bc6 17.cxd6 cxd6 18.Bc4 Qe7 19.Bd4 Bh6 20.Qf2 Ne5 21.Bxe5 dxe5 22.f5 gxf5
23.exf5 Kh8 24.Bxe6 e4 25.Nxe4 Qg7 26.Ng3 Rae8 27.Re1 Rd8 28.Rad1 Qg4 29.Qe2 Qxe2
30.Nxe2 Be3+ 31.Kh1 Bd2 32.Rg1 Be3 33.Rge1 Bd2 34.Rg1 Be3 35.Rge1 Bd2  1/2-1/2

[Event "XI WCh-Blind"]
[Site "Goa IND"]
[Date "2006.10.09"]
[Round "1"]
[White "Guzynin,V"]
[Black "Tonteri,A"]
[Result "0-1"]
[WhiteElo "2302"]
[BlackElo "1975"]

1.d4 Nf6 2.Nf3 g6 3.c4 Bg7 4.Nc3 O-O 5.e4 d6 6.Be2 e5 7.Be3 Nc6 8.d5 Ne7
9.Nd2 Nd7 10.O-O f5 11.f3 f4 12.Bf2 g5 13.b4 Ng6 14.c5 Nf6 15.cxd6 cxd6 16.Nc4 Rf7
17.Nb5 Bf8 18.Nxa7 g4 19.Nxc8 Rxc8 20.a4 Rg7 21.Kh1 g3 22.Bb6 Qe8 23.h3 Nh4
24.Qd3 Qh5 25.Rfc1 h6 26.Bf1 Nh7 27.Nd2 Rxc1 28.Rxc1 Ng5 29.Rc7 Rg6 30.Bg1 Nxh3
31.gxh3 g2+ 32.Bxg2 Nxg2 33.Bh2 Ne3 34.Qe2 Qxh3 35.Rc1 Rg2  0-1

[Event "22nd ECU Club Cup"]
[Site "Feugen AUT"]
[Date "2006.10.10"]
[Round "3"]
[White "Ekeberg,C"]
[Black "Borriss,M"]
[Result "0-1"]
[WhiteElo "2334"]
[BlackElo "2455"]

1.Nf3 Nf6 2.c4 g6 3.Nc3 Bg7 4.e4 d6 5.d4 O-O 6.Be2 e5 7.Be3 Ng4 8.Bg5 f6
9.Bh4 Nc6 10.d5 Ne7 11.Nd2 h5 12.h3 Nh6 13.g4 hxg4 14.hxg4 Nf7 15.Qb3 Rb8
16.Nd1 Bd7 17.Qh3 Re8 18.Qf3 Nc8 19.a4 c5 20.Qc3 Bh6 21.b4 cxb4 22.Qxb4 Kg7
23.Ra3 a5 24.Qb3 Rh8 25.Qf3 Nb6 26.Nb2 Bf4 27.Nb3 Rh6 28.Bg3 Bxg4 29.Qg2 Rxh1+
30.Qxh1 Bxe2 31.Kxe2 Qc8 32.Bxf4 Nxc4 33.Nd4 Nxa3 34.Ne6+ Kg8 35.Qh4 Qc2+
36.Kf3 exf4 37.Qxf6 Ne5+ 38.Kg2 Qxe4+ 39.Kg1 Qe1+ 40.Kg2 Qxf2+  0-1

[Event "22nd ECU Club Cup"]
[Site "Feugen AUT"]
[Date "2006.10.10"]
[Round "3"]
[White "Pelletier,Y"]
[Black "Zhigalko,A"]
[Result "1-0"]
[WhiteElo "2588"]
[BlackElo "2532"]

1.d4 Nf6 2.c4 g6 3.Nc3 Bg7 4.e4 d6 5.Nf3 O-O 6.Be2 Na6 7.O-O e5 8.Re1 c6
9.Be3 Ng4 10.Bg5 f6 11.Bh4 Nh6 12.c5 exd4 13.Bxa6 dxc3 14.Bc4+ d5 15.exd5 cxb2
16.d6+ Kh8 17.Rb1 Bg4 18.Rxb2 Nf5 19.Bg3 Qa5 20.Rxb7 Qxc5 21.Be6 Bxf3 22.gxf3 Nd4
23.Bb3 h5 24.Re4 Nf5 25.d7 Nxg3 26.hxg3 Rad8 27.Rc4 Qg5 28.f4 Qh6 29.Rxc6 h4
30.Kg2 f5 31.Rxa7 Bf6 32.Qd5 hxg3 33.fxg3 Qg7 34.Rac7 Qe7 35.Re6 Qa3 36.Re8 Kg7
37.Rc8 Qb2+ 38.Kh3 Qa1 39.Bc4  1-0

[Event "56th TCh-BUL"]
[Site "Sunny Beach BUL"]
[Date "2006.10.10"]
[Round "6"]
[White "Dimitrov,Vl"]
[Black "Georgiev,Kr"]
[Result "1/2-1/2"]
[WhiteElo "2454"]
[BlackElo "2485"]

1.d4 Nf6 2.c4 g6 3.Nc3 Bg7 4.e4 d6 5.Nf3 O-O 6.Be2 e5 7.O-O Na6 8.Be3 Qe8
9.dxe5 dxe5 10.Nd2 h5 11.f3 Nd7 12.Rb1 Nac5 13.b4  1/2-1/2

[Event "22nd ECU Club Cup"]
[Site "Feugen AUT"]
[Date "2006.10.11"]
[Round "4"]
[White "Jansson,J"]
[Black "Trygstad,K"]
[Result "1/2-1/2"]
[WhiteElo "2221"]
[BlackElo "2327"]

1.d4 Nf6 2.Nf3 g6 3.c4 Bg7 4.e4 d6 5.Nc3 O-O 6.Be2 e5 7.dxe5 dxe5 8.Qxd8 Rxd8
9.Bg5 Re8 10.Nd5 Nxd5 11.cxd5 c6 12.O-O h6 13.Be3 cxd5 14.exd5 f5 15.Rfd1 Nd7
16.Rac1 f4 17.Bc5 Nxc5 18.Rxc5 Bg4 19.Rc7 e4 20.Nd4 Bxd4 21.Bxg4 Bb6 22.Rxb7 e3
23.d6 exf2+ 24.Kf1 Rad8 25.d7 Re4 26.Rxb6 axb6 27.Rd6 Kf7 28.Rxb6 h5 29.Bh3 g5
30.Bf5 Re5 31.Bg6+ Ke7 32.Be8 Rc5 33.a4 g4 34.Kxf2 Rc2+ 35.Kf1 Rc1+ 36.Kf2 Rc2+
37.Kf1 Rc1+ 38.Ke2 Rc2+  1/2-1/2

[Event "22nd ECU Club Cup"]
[Site "Feugen AUT"]
[Date "2006.10.12"]
[Round "5"]
[White "Jansson,J"]
[Black "Gnichtel,G"]
[Result "1-0"]
[WhiteElo "2221"]
[BlackElo "2217"]

1.d4 Nf6 2.Nf3 g6 3.c4 Bg7 4.Nc3 O-O 5.e4 d6 6.Be2 e5 7.dxe5 dxe5 8.Qxd8 Rxd8
9.Bg5 Re8 10.Nd5 Nxd5 11.cxd5 c6 12.O-O cxd5 13.exd5 Bg4 14.h3 Bxf3 15.gxf3 h6
16.Be3 Nd7 17.Rac1 Nb6 18.Rfd1 Red8 19.d6 Bf8 20.Rc7 Rxd6 21.Rxd6 Bxd6 22.Rxb7 Bf8
23.b3 Nc8 24.Bc4 Nd6 25.Rxa7 Rxa7 26.Bxa7 Nxc4 27.bxc4 Ba3 28.Kf1 f5 29.Bb8 e4
30.fxe4 fxe4 31.Ke2 Kf7 32.Ba7 Ke6 33.Ke3 Kf5 34.Kd4 Kf4 35.Kd5 Bb2 36.Be3+ Kf3
37.a4 Bc3 38.Bb6 Be1 39.a5 Bxf2 40.Bxf2 Kxf2 41.Kxe4 Kg3 42.a6  1-0

[Event "22nd ECU Club Cup"]
[Site "Feugen AUT"]
[Date "2006.10.12"]
[Round "5"]
[White "Hammerstad,A"]
[Black "Oberweis,P"]
[Result "1-0"]
[WhiteElo "2223"]
[BlackElo "2094"]

1.d4 Nf6 2.c4 g6 3.Nc3 Bg7 4.e4 d6 5.Nf3 O-O 6.Be2 e5 7.Be3 Ng4 8.Bg5 f6
9.Bc1 Nc6 10.d5 Ne7 11.h3 Nh6 12.h4 a6 13.h5 g5 14.Qc2 Qe8 15.Nh2 g4 16.Bxh6 Bxh6
17.Nxg4 Bg5 18.Ne3 Bd7 19.Qb3 f5 20.g4 Bxe3 21.fxe3 fxg4 22.Kd2 Kh8 23.Rag1 Ng8
24.Bxg4 Bxg4 25.Rxg4 Rf2+ 26.Kd3 b6 27.Rg3 Nf6 28.h6 Qf8 29.Rg7 Ne8 30.Rhg1 Nf6
31.Qa3 Qc8 32.R1g2 Rxg2 33.Rxg2 Qh3 34.Re2 Qxh6 35.Qa4 Qg7 36.Qc6 Rg8 37.Qb7 Nd7
38.b4 a5 39.a3 Rf8 40.Kd2 axb4 41.axb4 Nf6 42.Kd3 h6 43.Rf2 Kh7 44.Rf5 Rf7
45.Qc8 Nd7 46.Qe8 Rxf5 47.exf5 Nf6 48.Qe6 h5 49.c5 bxc5 50.bxc5 h4 51.cxd6 cxd6
52.Qxd6 e4+ 53.Nxe4 Nxe4 54.Kxe4 Qg4+ 55.Qf4 Qg2+ 56.Qf3 h3 57.Kf4 Kh6 58.Qg3 Qf1+
59.Kg4 Qd1+ 60.Kxh3 Qxd5 61.Qg6+  1-0

[Event "22nd ECU Club Cup"]
[Site "Feugen AUT"]
[Date "2006.10.12"]
[Round "5"]
[White "Becker,Mart"]
[Black "Muhren,W"]
[Result "1-0"]
[WhiteElo "2315"]
[BlackElo "2260"]

1.d4 Nf6 2.c4 g6 3.Nc3 Bg7 4.Nf3 O-O 5.e4 d6 6.Be2 e5 7.O-O Na6 8.Be3 Ng4
9.Bg5 f6 10.Bc1 Nh6 11.Rb1 Nf7 12.dxe5 dxe5 13.b4 Qxd1 14.Rxd1 c6 15.Be3 f5
16.b5 Nc7 17.bxc6 bxc6 18.Nd2 Ne6 19.Nb3 Re8 20.f3 Bf8 21.Na4 Bh6 22.Bxh6 Nxh6
23.c5 fxe4 24.fxe4 Rb8 25.Na5 Rxb1 26.Rxb1 Nd4 27.Bc4+ Be6 28.Bxe6+ Rxe6
29.Rb7 Rf6 30.Nc3 Ng4 31.Nc4 Nf2 32.h3 Nd3 33.Rxa7 Nxc5 34.Nxe5 Rf4 35.Nd7 Nd3
36.e5 h5 37.a4 h4 38.a5 Nc2 39.Ne4 Ne3 40.Ndf6+ Kf8 41.Ng5  1-0

[Event "Open"]
[Site "Winterthur SUI"]
[Date "2006.10.12"]
[Round "7"]
[White "Kelecevic,N"]
[Black "Pikula,D"]
[Result "1/2-1/2"]
[WhiteElo "2364"]
[BlackElo "2542"]

1.d4 Nf6 2.c4 g6 3.Nc3 Bg7 4.e4 d6 5.Nf3 O-O 6.Be2 e5 7.dxe5 dxe5 8.Qxd8 Rxd8
9.Nd5 Nxd5 10.cxd5 c6 11.Bc4 cxd5 12.Bxd5 Na6 13.Bg5 Re8 14.O-O-O Nc7 15.Bb3 Be6
16.Bxe6 Nxe6 17.Be3  1/2-1/2

[Event "Open"]
[Site "Winterthur SUI"]
[Date "2006.10.12"]
[Round "7"]
[White "Flumbort,A"]
[Black "Zozulia,A"]
[Result "1/2-1/2"]
[WhiteElo "2518"]
[BlackElo "2363"]

1.Nf3 Nf6 2.c4 g6 3.Nc3 Bg7 4.d4 O-O 5.e4 d6 6.Be2 e5 7.O-O Na6 8.Be3 exd4
9.Nxd4 Nc5 10.f3 Re8 11.Qd2 Ne6 12.Rfd1 Nh5 13.Bf1 Nxd4 14.Bxd4 Bxd4+ 15.Qxd4 Be6
16.Rac1 Qg5 17.g3 a6 18.Bg2 Qe5 19.f4 Qxd4+ 20.Rxd4 Nf6 21.b3 Kg7 22.h3 h5
23.Kf2 Rab8 24.Rc2 Re7 25.Nd5 Bxd5 26.cxd5 Rbe8 27.Ke3 a5 28.a4 Kf8 29.Rcc4 b5
30.axb5 Rb8 31.Kd3 Rxb5 32.Kc2 Rb7 33.Ra4 Rb5 34.Rac4 Rb7 35.Ra4 Rb5 36.Rac4 Rb7  1/2-1/2

[Event "Corporacion del Sur B"]
[Site "Buenos Aires ARG"]
[Date "2006.10.13"]
[Round "11"]
[White "Lafuente,P"]
[Black "Lemos,D"]
[Result "1/2-1/2"]
[WhiteElo "2459"]
[BlackElo "2371"]

1.d4 Nf6 2.c4 g6 3.Nc3 Bg7 4.e4 d6 5.Nf3 O-O 6.Be2 e5 7.Be3 Nbd7 8.O-O c6
9.d5 c5 10.Ne1 Ne8 11.Nd3 f5 12.f3 Rf7 13.exf5 gxf5 14.g4 Nb6 15.Nf2 Qh4
16.gxf5 Bxf5 17.Nce4 Bh6 18.Bxh6 Qxh6 19.Kh1 Kh8 20.Rg1 Ng7 21.Rg5 Rd8 22.Qd2 Bg6  1/2-1/2

[Event "WJun"]
[Site "Yerevan ARM"]
[Date "2006.10.14"]
[Round "11"]
[White "Kozlov,R"]
[Black "Brandenburg,D"]
[Result "1-0"]
[WhiteElo "2337"]
[BlackElo "2421"]

1.d4 Nf6 2.c4 g6 3.Nc3 Bg7 4.e4 d6 5.Nf3 O-O 6.Be2 e5 7.d5 Na6 8.Nd2 h5 9.Rb1 c5
10.a3 Nc7 11.b4 b6 12.O-O Nh7 13.Qc2 Kh8 14.Nb3 Ne8 15.Bd3 f5 16.exf5 gxf5
17.f4 e4 18.Be2 Nhf6 19.Nd1 Bh6 20.Qc3 Ng7 21.a4 Kh7 22.a5 h4 23.Nf2 Ba6
24.Rd1 Rb8 25.b5 Bc8 26.axb6 axb6 27.Ra1 Bb7 28.Ra7 Qe7 29.Nh3 Nfh5 30.Be3 Qf6
31.Qd2 Qg6 32.Rda1 Kh8 33.Qe1 Qf6 34.R1a2 Ra8 35.Bd2 Qe7 36.Rxa8 Bxa8 37.Qa1 Qe8
38.Bxh5 Qxh5 39.Rxa8 Rxa8 40.Qxa8+ Kh7 41.Qa1 Qe2 42.Qf1 Qg4 43.Nc1 Nh5 44.Ne2 Qg7
45.Bc3 Qe7 46.Qf2 Kg6 47.Qe3 Qa7 48.g4 hxg3 49.Nxg3 Qa2 50.Qe2 Qb1+ 51.Kg2 Nxg3
52.hxg3 Qb3 53.Ba1 Qa3 54.Bb2 Qa2 55.Ng1 Qb3 56.Ba1 Qa4 57.Qb2  1-0

[Event "FSIM October"]
[Site "Budapest HUN"]
[Date "2006.10.16"]
[Round "10"]
[White "Titz,Hei"]
[Black "Brustkern,J"]
[Result "1/2-1/2"]
[WhiteElo "2286"]
[BlackElo "2207"]

1.c4 Nf6 2.Nc3 g6 3.e4 d6 4.d4 Bg7 5.Nf3 O-O 6.Be2 e5 7.d5 a5 8.Bg5 Qe8 9.Nd2 Na6
10.O-O Kh8 11.a3 Bd7 12.Rb1 a4 13.b4 axb3 14.Nxb3 Ng8 15.Bg4 Ba4 16.Nxa4 Qxa4
17.Qc1 b6 18.Bd1 Qd7 19.Be3 f5 20.f3 Nf6 21.exf5 gxf5 22.Bc2 Nc5 23.Nxc5 dxc5
24.a4 Ne8 25.Qd1 Nd6 26.Qe2 Rfe8 27.Kh1 Rxa4 28.Bxa4 Qxa4 29.Rbc1 h6 30.Rfe1 Ra8
31.f4 e4 32.g4 Qb3 33.gxf5 Nxf5 34.Bg1 Ra2 35.Qg4 Nd6 36.Rxe4 Nxe4 37.Qc8+ Kh7
38.Qf5+ Kh8 39.Qxe4 Ra1 40.Rc2 Ra2 41.Rxa2 Qxa2 42.f5 Qb2 43.Qe8+ Kh7 44.Qg6+ Kg8
45.Qe8+  1/2-1/2

[Event "XI WCh-Blind"]
[Site "Goa IND"]
[Date "2006.10.17"]
[Round "8"]
[White "Palacios Perez,M"]
[Black "Pribeanu,D"]
[Result "0-1"]
[WhiteElo "2206"]
[BlackElo "2328"]

1.d4 Nf6 2.c4 g6 3.Nc3 Bg7 4.e4 d6 5.Be2 O-O 6.Nf3 Nbd7 7.O-O e5 8.Bg5 h6
9.Bh4 g5 10.Bg3 g4 11.Nh4 exd4 12.Qxd4 Nh5 13.Qd2 Qg5 14.Qc2 Nc5 15.Nd5 Nxg3
16.hxg3 c6 17.Ne3 Re8 18.Nhf5 Bxf5 19.exf5 Rxe3 20.fxe3 Qxe3+ 21.Kh2 Ne4
22.Rad1 Nxg3  0-1